| 000 | 00762nam a2200277Ia 4500 | ||
|---|---|---|---|
| 005 | 20260324111611.0 | ||
| 008 | 008 260324s9999 xx 000 0 eng d | ||
| 020 | _a9781003408376 | ||
| 037 | _aEBOOK | ||
| 040 | _aCRL | ||
| 040 | _beng | ||
| 040 | _cCRL | ||
| 041 | _2eng | ||
| 041 | _aeng | ||
| 084 | _qCRL | ||
| 100 |
_aP. Mohamed Fathimal; T. Ganesh Kumar; J. B. Shajilin Loret; Venkataraman Lakshmi; Manish T. I. _91139236 |
||
| 245 | 0 | _aAdvances of Machine Learning for Knowledge Mining in Electronic Health Records | |
| 260 | _bTaylor and Francis | ||
| 260 | _c2025 | ||
| 365 | _a | ||
| 365 | _b320 | ||
| 856 | _uhttp://www.taylorfrancis.com/books/9781003408376 | ||
| 942 | _cEBOOK | ||
| 999 |
_c1728115 _d1728115 |
||